000 00425pam a2200157 a 4500
020 _a0-8247-4774-7
_c
041 _aeng
082 _a615.19
_bBUL
100 _aBultinck, Patrick.
245 _aComputational Medicinal Chemistry for Drug Discovery
_hTextual Documents
260 _aNew York
_bCRC Press
_c2009
300 _a794.
653 _aPharmaceutical/Medicinal Chemistry
700 _aWinter, Hans .
930 _a3268
999 _c76534
_d76534